000 00913cam a2200301 i 4500
001 883340
003 OSt
005 20230623121744.0
008 801113s1981 dcu b 001 0 eng
010 _a 80039915
020 _a0871871629 :
_c$7.50
040 _aDLC
_cDLC
_dDLC
043 _an-us---
050 0 0 _aJK1061
_b.C587 1981
082 0 0 _a328.73
_219
_bCON
245 0 0 _aCongress reconsidered /
_cedited by Lawrence C. Dodd and Bruce I. Oppenheimer.
250 _a2d ed.
260 _aWashington, D.C. :
_bCongressional Quarterly Press,
_cc1981.
300 _ax, 442 p. ;
_c23 cm.
440 0 _aPolitics and public policy series
500 _aIncludes index.
504 _aBibliography: p. 425-431.
610 1 0 _aUnited States.
_bCongress.
700 1 _aDodd, Lawrence C.,
_d1946-
700 1 _aOppenheimer, Bruce Ian.
906 _a7
_bcbc
_corignew
_du
_eocip
_f19
_gy-gencatlg
942 _2ddc
_cBK
999 _c2475
_d2475